Normal view MARC view
  • Microelectronics

Entry Topical Term

Number of records used in: 1

001 - CONTROL NUMBER

  • control field: 86174

003 - CONTROL NUMBER IDENTIFIER

  • control field: NUST

005 - DATE AND TIME OF LATEST TRANSACTION

  • control field: 20211209105420.0

008 - FIXED-LENGTH DATA ELEMENTS

  • fixed length control field: 211209|| aca||aabn | a|a d

040 ## - CATALOGING SOURCE

  • Original cataloging agency: NUST
  • Transcribing agency: NUST

150 ## - HEADING--TOPICAL TERM

  • Topical term or geographic name entry element: Microelectronics

670 ## - SOURCE DATA FOUND

  • Source citation: Work cat.: (NUST)33124: Design and manufacturing of active microsystems /, c2011.
© 2023 Central Library, National University of Sciences and Technology. All Rights Reserved.